[Event "39th Citta Arco Open 2017"]
[Site "Arco"]
[Date "2017.10.12"]
[Round "6"]
[White "Zucchelli, Massimo"]
[Black "Molina, Fabrizio"]
[Result "1/2-1/2"]
[WhiteElo "2108"]
[BlackElo "2208"]
[Annotator "NA"]
[PlyCount "100"]
[EventDate "2017.??.??"]
[EventType "swiss"]
[EventCountry "ITA"]
[SourceTitle "playchess.com"]
[Source "ChessBase"]
[SourceQuality "1"]
[TimeControl "40/5400+30:1800+30"]

1. d4 d5 2. c4 c6 3. Nf3 Nf6 4. e3 a6 5. b3 b5 {LiveBook: 8 Games D11: Slav Defence: 3 Nf3 sidelines and 3...Nf6 4 e3 Bg4} (5... Bg4 6. Nbd2 e6 7. Bd3 c5 8. dxc5 Bxc5 9. Bb2 O-O 10. Rc1 dxc4 11. Bxc4 Nbd7 12. O-O Qe7 13. h3 {1-0 (63) Parligras,M (2574)-Sumets,A (2622) Abu Dhabi 2014}) 6. Nbd2 Bf5 7. Nh4 Be4 8. f3 Bg6 9. Nxg6 hxg6 10. g3 e6 11. c5 $146 ({Predecessor:} 11. Bg2 c5 12. dxc5 Bxc5 13. Qe2 {0-1 (38) Barseghyan,H (1982)-Simonian,H (2475) Jermuk 2012}) 11... a5 12. a3 Nbd7 13. Bg2 Qb8 14. f4 Be7 15. Bb2 Nh5 16. Nf3 Nhf6 17. Ne5 Nxe5 18. fxe5 Nd7 19. e4 f6 20. exd5 exd5 21. Qg4 Nf8 22. exf6 gxf6 23. O-O-O Qc7 24. Rde1 f5 25. Qe2 Rh7 26. Kb1 a4 27. b4 O-O-O 28. Qd3 Bf6 29. h4 Kb7 30. h5 Qg7 31. hxg6 Rxh1 32. Rxh1 Qxg6 33. Bh3 f4 34. Qxg6 Nxg6 35. gxf4 Rh8 36. Bg2 Nxf4 37. Rxh8 Bxh8 38. Bf3 Ne6 39. Bg4 Nxd4 40. Bxd4 Bxd4 41. Bd7 Kc7 42. Bf5 Kd8 43. Bg6 Ke7 44. Bf5 Be3 45. Kc2 Bf4 46. Bg4 d4 47. Bf5 $11 Bg5 48. Be4 Kd7 49. Bf5+ Ke7 50. Be4 Kd7 1/2-1/2

[Event "39th Citta Arco Open 2017"]
[Site "Arco"]
[Date "2017.10.12"]
[Round "6"]
[White "Tocco, Paolo"]
[Black "Ruecker, Benjamin"]
[Result "0-1"]
[WhiteElo "2097"]
[BlackElo "2261"]
[Annotator "TA"]
[PlyCount "115"]
[EventDate "2017.??.??"]
[EventType "swiss"]
[EventCountry "ITA"]
[SourceTitle "playchess.com"]
[Source "ChessBase"]
[SourceQuality "1"]

{[%evp 18,115,-2,-6,7,0,23,14,47,24,21,1,9,-10,-10,-34,-37,-48,-39,-50,-40,-44,-39,-33,-27,-23,-30,-16,-36,-30,0,0,0,0,0,0,0,0,0,-2,0,0,118,115,108,-163,-172,-186,-186,-182,-182,-237,-258,-252,-157,-247,-238,-243,-225,-268,-268,-271,-264,-264,-263,-295,-264,-258,-238,-427,-427,-419,-419,-419,-419,-402,-326,-454,-454,-445,-445,-437,-419,-412,-412,-412,-411,-392,-371,-410,-396,-414,-356,-372,-330,-716,-687,-29959,-29954,-29990]} 1. f4 d5 2. Nf3 g6 3. g3 Bg7 4. Bg2 Nf6 5. O-O O-O 6. d3 c5 7. c3 Nc6 8. Na3 Rb8 9. Ne5 {A03: Bird's Opening with 1...d5} (9. Qe1 b5 10. Nc2 b4 11. Ne5 Nxe5 12. fxe5 Ng4 13. cxb4 cxb4 14. d4 Qb6 15. e3 Bf5 16. Qd1 Rbc8 {½-½ (37) Nakamura,H (2741)-Svidler,P (2722) Moscow 2010}) 9... Nxe5 10. fxe5 {LiveBook: 6 Games} Ne8 11. d4 {The position is equal.} cxd4 12. Qxd4 $146 ({Predecessor:} 12. cxd4 Nc7 13. Qb3 Bg4 14. Rf2 Qd7 15. Bf4 Rfd8 16. Raf1 b5 {½-½ (68) Berkell,P (2211)-Lindberg,B (2354) Sweden 2009}) 12... Be6 13. Rd1 Qa5 14. Bg5 f6 15. exf6 Nxf6 {[%cal Be8f6,Bf6e4,Be4c3][%mdl 32]} 16. Qe5 Bf7 {Threatens to win with ...Ne4.} 17. Qxe7 Qb6+ 18. Be3 Qxb2 {aiming for ...Rbe8.} 19. Qb4 Qxb4 20. cxb4 Ne4 21. Bd4 Nc3 22. Bxc3 Bxc3 23. Rab1 $1 d4 {[%cal Bd5d4,Bd4c3,Bc3c2][%mdl 32] White must now prevent ...b5.} 24. Nb5 Bxa2 25. Nxc3 dxc3 26. Ra1 c2 27. Rdc1 Bb1 {...Rbd8 is the strong threat.} 28. Be4 Rbc8 29. Rxa7 Rc3 (29... Rc7 $11) 30. Rxb7 $16 Rd8 {[#]} 31. Bxc2 $2 {[%mdl 8192]} (31. Bd3 $1 $16 {is forced if you want to stay better.}) 31... Bxc2 $19 32. b5 Be4 33. Rxc3 Bxb7 {[%mdl 4096] Endgame KRB-KR} 34. Rc7 {[#]} (34. Kf2 {keeps fighting.}) 34... Rb8 $1 35. Kf2 Bh1 36. Rc1 (36. Rc5 $17) 36... Bd5 37. Rc5 Bb3 38. Ke3 Ba4 39. Kf4 Bxb5 40. e4 Rb7 41. h4 Be8 42. g4 Kg7 43. g5 $2 (43. Rd5 {was called for.}) 43... Kf7 44. Rc8 Re7 45. Rc5 Bd7 46. Ke3 Bh3 47. Ra5 Bc8 48. Rb5 Bb7 49. Rb4 Ke8 50. Rd4 Rd7 51. Rb4 Kd8 52. Kf4 Re7 53. Rd4+ Kc7 54. Rc4+ Bc6 55. Rd4 Kb6 56. Ke3 $2 (56. e5) 56... Kc5 57. Kd3 Rd7 58. Ke3 {Precision: White = 40%, Black = 77%.} 0-1